| 000 | 00630nam a22002177a 4500 | ||
|---|---|---|---|
| 003 | 0 | ||
| 005 | 20240924135034.0 | ||
| 008 | 240924b xxu||||| |||| 00| 0 eng d | ||
| 020 | _a9788119920969 | ||
| 050 |
_aBL 80.2 _b.D86 2024 |
||
| 100 |
_aDuncon, Haldor, _eauthor. |
||
| 245 |
_aIntroduction to world religions / _cHaldor Duncon. |
||
| 250 | _a1st ed. | ||
| 260 |
_aNew Delhi : _bVenus Books, _c2024. |
||
| 300 |
_aix, 264 p. ; _c24 cm. |
||
| 504 | _aIncludes bibliographical references and index. | ||
| 650 | _aReligion. | ||
| 650 |
_aReligions _xstudy and teaching. |
||
| 650 | _aReligions beliefs. | ||
| 942 |
_2lcc _cBK |
||
| 999 |
_c366385 _d366385 |
||